000 01314nam a22003977a 4500
003 OSt
005 20230817081201.0
008 221006b |||||||| |||| 00| 0 eng d
040 _cBiblioteca Lado V
082 _a868.992.3
_bB214c
100 _9943
_aBandara, Samuel B.
_eeditor
245 _aCRB/
_bThe Caribbean Review of Books/
260 _bMedia and Editorial Projects Ltd.
_c2008
_aEspaña
_aTrinidad y Tobago
300 _c21x25.5cm
_a57p.
490 _a15
_v2008
505 _tReviews
505 _tWonder Boy
505 _tWhat Vidia saw
505 _tSoul stories
505 _tSecond coming
505 _tBlack Rain
505 _tThe Lives of others
505 _tBrotherhood of the boat
505 _tOutside in
_aIn brief Etc.
505 _tMarginalia
505 _tThe 2007 CRB Books of the year
505 _tReading list
505 _t"I'm my own fuku"
505 _tMaria Teresa and Janchi
_aNotebook Portfolio Poems
650 _2Tesauro de Arte & Arquitectura
_aARTE
_9703
650 _2Tesauro de Arte & Arquitectura
_aLITERATURA CARIBEÑA
650 _2Tesauro de Arte & Arquitectura
_aCULTURA
650 _2Tesauro de Arte & Arquitectura
_aCOLECCION
710 _aZero-Six Editions
_eeditor
942 _2ddc
_c1
_h868.992.3
_iB214c
_n0
999 _c4143
_d4143